Η εκπαίδευση των ενηλίκων στην Ελλάδα : οδηγός του εκπαιδευτικού
Αποθηκεύτηκε σε:
| Κύριος συγγραφέας: | |
|---|---|
| Άλλοι συγγραφείς: | , |
| Μορφή: | Βιβλίο |
| Γλώσσα: | Greek |
| Δημοσίευση: |
Αθήνα :
Οργανισμός Εκδόσεως Διδακτικών Βιβλίων,
1966.
|
| Θέματα: | |
| Ετικέτες: |
Προσθήκη ετικέτας
Δεν υπάρχουν, Καταχωρήστε ετικέτα πρώτοι!
|
MARC
| LEADER | 00000cam a2200000 i 4500 | ||
|---|---|---|---|
| 001 | 1/102291 | ||
| 008 | 950502s1966 gr | ||| |||| ||gre|| | ||
| 035 | |l 10012447 | ||
| 040 | |a GR-MY-UA |b gre |e aacr | ||
| 041 | 0 | |a gre | |
| 082 | 7 | |a 374.9495 |2 (22) | |
| 100 | 1 | |a Fourre, Pierre. | |
| 245 | 1 | 2 | |a Η εκπαίδευση των ενηλίκων στην Ελλάδα : |b οδηγός του εκπαιδευτικού / |c Π. Φουρρέ, Κ. Θεοδοσόπουλου ; εικονογράφηση: Κ. Ευρυγένη. |
| 260 | |a Αθήνα : |b Οργανισμός Εκδόσεως Διδακτικών Βιβλίων, |c 1966. | ||
| 300 | |a 143 σ. : |b εικ. ; |c 24 εκ. | ||
| 650 | 0 | 0 | |a Adult education |x Study and teaching |z Greece. |
| 700 | 1 | |a Θεοδοσόπουλος, Κωνσταντίνος. | |
| 700 | 1 | |a Ευρυγένης, Κώστας, |e ill | |
| 852 | |a INST |b LESVOS |e 19950502 |h 374.9495 FOU |p 005100001329 |q 005100001329 |t BK |y 0 | ||
| 909 | |a Λ |b 019724 | ||
| 922 | |a 1ΕΛΗ |b 199105 | ||
| 970 | |z 1995/05 | ||